| 000 | 01688namaa2200361uu 4500 | ||
|---|---|---|---|
| 001 | doab70868 | ||
| 003 | oapen | ||
| 005 | 20260305123950.0 | ||
| 006 | m o d | ||
| 007 | cr|mn|---annan | ||
| 008 | 210618s2016 xx |||||o ||| 0|eng d | ||
| 020 | _a9780198753728 | ||
| 040 |
_aoapen _coapen |
||
| 041 | 0 | _aeng | |
| 042 | _adc | ||
| 072 | 7 |
_aHP _2bicssc |
|
| 720 | 1 |
_aEdmonds, David _4edt |
|
| 245 | 0 | 0 | _aPhilosophers Take On the World |
| 260 |
_aOxford _bOxford University Press _c2016 |
||
| 300 | _a1 online resource | ||
| 336 |
_atext _btxt _2rdacontent |
||
| 337 |
_acomputer _bc _2rdamedia |
||
| 338 |
_aonline resource _bcr _2rdacarrier |
||
| 506 | 0 |
_aFree-to-read _fUnrestricted online access _2star |
|
| 520 | _aEvery day the news shows us provoking stories about what's going on in the world, about events which raise moral questions and problems. In Philosophers Take On the World a team of philosophers get to grips with a variety of these controversial issues, from the amusing to the shocking, in short, engaging, often controversial pieces. Covering topics from guns to abortion, the morality of drinking alone, hating a sports team, and being rude to cold callers, the essays will make you think again about the judgements we make on a daily basis and the ways in which we choose to conduct our lives. | ||
| 540 |
_aAll rights reserved _uhttp://oapen.org/content/about-rights |
||
| 546 | _aEnglish | ||
| 650 | 7 |
_aPhilosophy _2bicssc |
|
| 653 | _aphilosophers | ||
| 720 | 1 |
_aEdmonds, David _4oth |
|
| 793 | 0 | _aDOAB Library. | |
| 856 | 4 | 0 |
_uhttps://directory.doabooks.org/handle/20.500.12854/70868 _70 _zFree-to-read: DOAB: description of the publication |
| 999 |
_c92985 _d92985 |
||